|
|
|
|
| LEADER |
01706cas a2200241 a 4500 |
| 001 |
AALejournalIMF001029 |
| 008 |
230101c9999 xx r poo 0 0eng d |
| 020 |
|
|
|c 5.00 USD
|
| 020 |
|
|
|z 9781451829129
|
| 022 |
|
|
|a 1934-7685
|
| 040 |
|
|
|a BD-DhAAL
|c BD-DhAAL
|
| 110 |
2 |
|
|a International Monetary Fund.
|
| 245 |
1 |
0 |
|a Nicaragua :
|b Recent Economic Developments and Statistical Annex.
|
| 264 |
|
1 |
|a Washington, D.C. :
|b International Monetary Fund,
|c 1999.
|
| 300 |
|
|
|a 1 online resource (68 pages)
|
| 490 |
1 |
|
|a IMF Staff Country Reports
|
| 500 |
|
|
|a <strong>Off-Campus Access:</strong> No User ID or Password Required
|
| 500 |
|
|
|a <strong>On-Campus Access:</strong> No User ID or Password Required
|
| 506 |
|
|
|a Electronic access restricted to authorized BRAC University faculty, staff and students
|
| 520 |
3 |
|
|a This paper describes economic developments in Nicaragua during the 1990s. During 1990-96, Nicaragua made substantial progress in reducing macroeconomic imbalances. Fiscal and monetary policies were strengthened, most price controls were eliminated, and foreign exchange and trade systems were liberalized. The structural reform program included privatization, the return to previous owners in the case of confiscated properties or liquidation of enterprises, which accounted for about 30 percent of GDP in 1990 and a reform of the banking system, including liberalization of interest rates and the establishment of an independent banking superintendency.
|
| 538 |
|
|
|a Mode of access: Internet
|
| 830 |
|
0 |
|a IMF Staff Country Reports; Country Report ;
|v No. 1999/124
|
| 856 |
4 |
0 |
|z Full text available on IMF
|u http://elibrary.imf.org/view/journals/002/1999/124/002.1999.issue-124-en.xml
|z IMF e-Library
|